FC Barcelona Squad 2000-2001 - Statistics

General Stats
  • This quiz has been taken 198 times
  • The average score is 14 of 27
Answer Stats
# Position Nation Player % Correct
16 MF Spain Xavi Hernández
86%
9 FW Netherlands Patrick Kluivert
85%
24 DF Spain Carles Puyol
84%
10 FW Brazil Rivaldo
84%
4 MF Spain Pep Guardiola
78%
3 DF Netherlands Frank de Boer
76%
11 FW Netherlands Marc Overmars
68%
21 MF Spain Luis Enrique
64%
8 MF Netherlands Phillip Cocu
61%
15 MF Finland Jari Litmanen
55%
5 DF Spain Abelardo Fernández
51%
17 MF France Emmanuel Petit
50%
23 FW Netherlands Boudewijn Zenden
45%
14 MF Spain Gerard López
45%
2 DF Netherlands Michael Reiziger
45%
1 GK France Richard Dutruel
44%
20 FW Portugal Simão
44%
12 DF Spain Sergi Barjuán
43%
7 FW Spain Alfonso Pérez
40%
- Coach Spain Carles Rexach
40%
6 MF Spain Iván de la Peña
40%
- Coach Spain Lorenzo Serra Ferrer
40%
35 GK Spain Pepe Reina
36%
18 MF Spain Gabri
34%
19 FW Spain Dani García
33%
26 DF Spain Ibán Cuadrado
33%
25 GK Spain Francesc Arnau
30%
No matching quizzes found
Score Distribution
Percent of People with Each Score
Percentile by Number Answered
Your Score History
You have not taken this quiz